|
|
|
|
| LEADER |
00000nab a2200000 ar4500 |
| 001 |
vtls009082295 |
| 003 |
SK-MaSNL |
| 005 |
20260303065734.0 |
| 008 |
070724c2007 xo qr|p||| |000 b|slo |
| 015 |
|
|
|a SNBRB2007/07
|
| 038 |
|
|
|a SPK
|
| 040 |
|
|
|a SPKCL
|b slo
|c 1997
|e AACR2
|
| 041 |
0 |
|
|a slo
|
| 044 |
|
|
|a xo
|c SK
|
| 072 |
|
7 |
|a 027
|x Univerzálne knižnice. Verejné knižnice
|2 konspekt
|
| 072 |
|
7 |
|a 06
|x Organizácie všeobecnej povahy
|2 konspekt
|
| 080 |
|
|
|a 027.081
|2 UDC-MRF-SK2
|
| 080 |
|
|
|a 061.3
|2 UDC-MRF-SK2
|
| 100 |
1 |
|
|a Androvič, Alojz,
|d 1947-
|4 aut
|9 36876
|
| 245 |
1 |
0 |
|a ELAG 2007 : Library 2.0
|b medzinárodná konferencia a porada expertov
|c Alojz Androvič
|
| 300 |
|
|
|b Fotogr.
|
| 611 |
2 |
7 |
|a ELAG 2007 : Library 2.0
|g konferencia
|d (2007 :
|c Barcelona, Španielsko)
|2 spk
|9 1066200
|
| 650 |
0 |
7 |
|a automatizácia knižníc
|2 snkbucl
|9 1430
|
| 650 |
0 |
7 |
|a konferencie
|2 snkbucl
|9 19221
|
| 773 |
0 |
|
|t IT lib : informačné technológie a knižnice
|g Roč. [11], č. 2 (2007), s. 59-60
|x 1335-793X
|
| 852 |
|
|
|a SPK
|b KIS3GCP
|
| 856 |
4 |
1 |
|u www.ctvisr.sk/itlib
|
| 999 |
|
|
|c 1752451
|d 1754381
|